Beste Champions League Torschützen Manchester City - Statistiken

Allgemein
  • Dieses Quiz wurde 534 mal gespielt
    51 seit der letzten Aktualisierung
  • Das Durchschnittsergebnis liegt bei 17 aus 20
Antwortstatistiken
Saison Nationalität Tore Spieler % Korrekt
2025/26 Norwegen 8 Erling Haaland
100%
2024/25 Norwegen 8 Erling Haaland
100%
2023/24 Norwegen 6 Erling Haaland
100%
2022/23 Norwegen 12 Erling Haaland
100%
2015/16 Belgien 3 Kevin De Bruyne
93%
2018/19 Argentinien 6 Sergio Agüero
91%
2017/18 Argentinien 4 Sergio Agüero
91%
2016/17 Argentinien 5 Sergio Agüero
91%
2014/15 Argentinien 6 Sergio Agüero
91%
2013/14 Argentinien 6 Sergio Agüero
91%
2012/13 Argentinien 2 Sergio Agüero
91%
2021/22 Algerien 7 Riyad Mahrez
89%
2020/21 Algerien 4 Riyad Mahrez
89%
2019/20 England 6 Raheem Sterling
76%
2017/18 England 4 Raheem Sterling
76%
2015/16 England 3 Raheem Sterling
76%
2011/12 Elfenbeinküste 3 Yaya Touré
76%
2019/20 Brasilien 6 Gabriel Jesus
69%
2017/18 Brasilien 4 Gabriel Jesus
69%
2020/21 Spanien 4 Ferran Torres
47%
Keine übereinstimmenden Quizze gefunden
Verteilung der Resultate
Anzahl Personen mit jedem Resultat
Perzentil nach korrekt beantworteten Fragen
Ihre Resultats-Entwicklung
Sie haben dieses Quiz seit der letzten Aktualisierung nicht gespielt